| 000 | 02038nam a22001457a 4500 | ||
|---|---|---|---|
| 999 |
_c528415 _d528415 |
||
| 008 | 241204b ||||| |||| 00| 0 eng d | ||
| 100 |
_aRoy, Ranjana and Terway, Prerna _949297 |
||
| 245 | _aRising wage income and the role of Mgnrega among agricultural households in India: Evidence from the situation assessment survey, 2018–19 | ||
| 260 | _aIndian Journal of Labour Economics | ||
| 300 | _a67(3), Sep, 2024: p.865-881 | ||
| 520 | _aThis paper explores the contribution of wage income to the overall earnings of agricultural households in India. Utilising data from the 2019 “Land and Livestock Holding of Households and Situation Assessment of Agricultural Households” conducted by the Ministry of Statistics and Programme Implementation (MoSPI) in 2018–19, the study offers an in-depth analysis of the proportion of income derived from wages by farmers across various states and landholding sizes. Additionally, the paper investigates the impact of public employment programmes, such as the Mahatma Gandhi National Rural Employment Guarantee Scheme (MGNREGS), on rural wages and the income of agricultural households. Findings from the paper point towards increasing landlessness among small and marginal farmers, as they increasingly rely on wages to supplement their livelihood. While a focus on increasing agricultural growth rate by the policymakers may contribute towards farmers’ welfare, policies need to be focused towards increase in non-farm employment. Rural employment programmes help to address the issue of chronic unemployment and alleviate rural poverty. Public investments in the form of irrigation facilities and other rural infrastructure are also required to promote sustained agricultural growth and thereby foster well-being among the rural agricultural households.- Reproduced https://link.springer.com/article/10.1007/s41027-024-00518-0 | ||
| 650 |
_aAgricultural households, Wage income, Crop income, MGNREGA. _949298 |
||
| 773 | _aIndian Journal of Labour Economics | ||
| 942 | _cAR | ||